Quizzes
Events
Quiz Creation
Community
Videos
Private Events
Remove Ads
Sign In
Join for FREE
Feedback
Dark Mode
Quiz Categories
Sports
Geography
Music
Movies
Television
Just For Fun
Miscellaneous
History
Literature
Language
Science
Gaming
Entertainment
Religion
Holiday
For Kids
Quiz Lab
Recent
Popular Today
Quiz Kudos Today
Editor Picks
Curator Picks
Quizzes by...
Day
Popularity
Type
Ratings
Length
Year
Community
Subscriptions
Recent Discussions
Orange Saloon
Badges
Playlists
Quests
Create
Leaderboards
Showdown
Live 5
Trivia Bingo
Activity
Puzzle Library
Sporcle Events
Private Events
Virtual Trivia
Globe League
Become a Host
Pub Owners
SporcleCon
Opinionation
Our Games
Videos
Blog
Mobile Apps
Partnerships
Remove Ads and Go Orange
Feedback
Geography
Country
Landmarks
City
State
Population
World
Capital
Continent
Flags
Europe
Africa
Asia
South America
North America
Oceania
Border
Canada
United Kingdom
Topography
United States
Geography
Country
Landmarks
City
State
Population
World
Capital
Continent
Flags
Europe
Africa
Asia
South America
North America
Oceania
Border
Canada
United Kingdom
Topography
United States
Random Quiz
Search Sporcle
×
Quiz Lab
Quiz Lab
Geography
counties
Type in answers that appear in a list
Type in answers that appear in a list
Classic
Best Score? Go Orange.
Counties in Pennsylvania Stats
Can you name the Counties in Pennsylvania?
By
papercrab
12m
67 Questions
348 Plays
348 Plays
348 Plays
Comments
Comments
Give Quiz Kudos
Give Quiz Kudos
-
- Ratings
hide this ad
Replay
Link that replays current quiz
Next Quiz
Link to next quiz in quiz playlist
You Got
0%
They Got
Avg Score
66%
Avg Friend Score
Upgrade to see
Score Distribution
Jump to the score distribution portion of the page
Score
0/67
Timer
12:00
0
Plays Today
% Correct
Allegheny
92.2%
Erie
91.3%
Bucks
91%
Philadelphia
88.7%
Lancaster
86.7%
Berks
85.5%
Chester
85%
York
81.2%
Adams
80.1%
Delaware
79.8%
Montgomery
78.9%
Washington
78.6%
Centre
76.9%
Dauphin
76.6%
Lehigh
74.3%
Lackawanna
72%
Luzerne
69.7%
Bradford
69.4%
Monroe
69.1%
Beaver
68.5%
Jefferson
68.2%
Cumberland
67.9%
Tioga
67.9%
Indiana
67.1%
Elk
66.8%
Lycoming
66.8%
Franklin
66.2%
Greene
65.6%
Westmoreland
65%
Cambria
64.7%
Carbon
64.2%
Northumberland
64.2%
Juniata
63.9%
Pike
63.9%
% Correct
Butler
63.6%
Bedford
63%
Armstrong
62.7%
Potter
62.7%
Lebanon
62.4%
Venango
62.4%
Susquehanna
61.8%
Wayne
61.8%
Clinton
61.6%
Forest
61.6%
Schuylkill
61%
Fayette
60.1%
Blair
59.5%
Clarion
59.5%
Warren
59.5%
Somerset
59.2%
Mercer
59%
Northampton
59%
Wyoming
58.7%
Mifflin
58.1%
Fulton
57.8%
Union
57.5%
Columbia
57.2%
Crawford
56.6%
Perry
56.6%
Clearfield
55.8%
Huntingdon
55.2%
Sullivan
54.6%
Montour
53.8%
Lawrence
53.2%
McKean
52.3%
Cameron
50.6%
Snyder
48%
Quiz Playlist
Details
Report
Send in Message
Add To Playlist
Classic:
Type in answers that appear in a list
Quiz Source
Last Updated: Feb 16, 2017
Quiz Scoreboard
CHALLENGE
Sign Up to Join the Scoreboard
Show All
Scores
Hide
Comments
May contain spoilers
Recently Published
Presidents Visiting Landmarks
by Hejman
History
7m
An Introduction to Baseball
by treessimontrees
Sports
5m
Movies - When Are They Set?
by FPL_Elf
Movies
5m
More to Explore
Quiz From the Vault
Featured Blog Post
Where Did the Easter Bunny Come From?
hide this ad
You Might Also Like...
Tags
counties
Pennsylvania
Today's Top Quizzes in Geography
Browse Geography
hide this ad
Today's Top Quizzes in counties
Browse counties
Top Contributed Quizzes in Geography
1
Countries of the World - No Outlines Minefield
2
Top 25 Cities of France on a map
3
Any capital of a 'B' country per Continent
4
Closest Countries to UK A-Z
5
Any capital of a 'C' country per Continent
6
One Thing in Common: United Kingdom
7
Any capital of a 'D' country per Continent
8
Find the Provinces of Canada - No Outlines Minefield
9
5-to-1: US Geography No Hints
10
Any capital of an 'E' country per Continent
Explore More
Trending Topics
Harry Potter
Kpop
Marvel
Anime
Disney
Crossword
NBA
Puzzle
The Office
Song
Country
NFL
Soccer
WWE
Pokémon
hide this ad
More By:
papercrab
Quiz
Plays
Rating
Category
Featured
Created
The Hobbit Chapters
4,103
4.49
Literature
Sep 28, 2009
Dirk Pitt Novels
1,316
4.13
Literature
Oct 2, 2009
Overseas Territories of France
605
4.25
Geography
Oct 2, 2009
U.S. States That Were Never Territories
586
4.10
Geography
Sep 30, 2009
Counties in Pennsylvania
348
5.00
Geography
Sep 23, 2009
Go to Creator's Profile
Score Distribution
Quiz Creator Spotlight
papercrab
Follow
Send a Message
Quizzes Created
-
Created Quiz Play Count
-
More By This Creator
Popular Quizzes Today
1
Find the US States - No Outlines Minefield
2
Find the Countries of Europe - No Outlines Minefield
3
The Countries of the World
4
Find the US States
5
Popular People in 1961
6
US States
7
Risky Map Clicking: Biggest States A-Z
8
1-10 Letter E Words III
More Geography Quizzes
Progressively Harder Oceanian Flags
Published
Trending Quizzes
Risky Map Clicking: Least Populous States A-Z
1-10 Letter G Words
1-10 Letter F Words
Risky Map Clicking: Next State Alphabetically
Risky Map Clicking: Biggest States A-Z
Recently Updated
Leaping Animals
pecheneg
Reality TV Shows (A-Z)
bhenderson79
Rickey Henderson's Hall of Fame Teammates
pecheneg
Champions League XIs: Arsenal
pecheneg
Quick Pick: Celebrities in WWE's Hall of Fame
aduchscher
A-Z Keypad Blitz II
pecheneg
Multiple Oscar Actors
pecheneg
Mystery Phrase Blitz: Oscar 'Best Actors'
pecheneg
F. Scott Fitzgerald Novels
LTH
Pick 3 Villains
ddd62291
Trending Topics
Kpop
Disney
NBA
Crossword
Marvel
Harry Potter
Anime
Soccer
Puzzle
The Office
WWE
NFL
Country
Pokémon
Song
Your Account Isn't Verified!
In order to create a playlist on Sporcle, you need to verify the email address you used during registration. Go to your
Sporcle Settings
to finish the process.
Report this User
Report this user for behavior that violates our
Community Guidelines
.
Details:
Send Report
Go to the Sporcle.com Mobile Site →
Comments